[Event "DEN-chB"]
[Site "Aarhus"]
[Date "1999.04.01"]
[Round "3"]
[White "Skytte, Rasmus"]
[Black "Bank Friis, Carsten"]
[Result "1/2-1/2"]
[WhiteElo "2277"]
[BlackElo "2291"]
[PlyCount "29"]
[EventDate "1999.??.??"]
[EventType "swiss"]
[EventRounds "7"]
[EventCountry "DEN"]
[SourceTitle "EXT 2000"]
[Source "ChessBase"]
[SourceDate "1999.11.16"]
[SourceVersion "1"]
[SourceVersionDate "1999.11.16"]
[SourceQuality "1"]

1. e4 e5 2. Nf3 Nf6 3. Bc4 Nxe4 4. Nc3 Nxc3 5. dxc3 c6 6. Nxe5 d5 7. Bd3 Bd6 8. 0-0 0-0 9. Re1 Nd7 10. Nxd7 Bxd7 11. Qh5 g6 12. Qh6 Qc7 13. Bg5 Be5 14. Qh4 Rfe8 15. h3 1/2-1/2

[Event "DEN-ch cand"]
[Site "Taastrup"]
[Date "1998.??.??"]
[Round "7"]
[White "Bank Friis, Carsten"]
[Black "Antonsen, Mikkel"]
[Result "1-0"]
[WhiteElo "2285"]
[BlackElo "2405"]
[PlyCount "81"]
[EventDate "1998.??.??"]
[EventType "swiss"]
[EventRounds "7"]
[EventCountry "DEN"]
[SourceTitle "EXT 2000"]
[Source "ChessBase"]
[SourceDate "1999.11.16"]
[SourceVersion "1"]
[SourceVersionDate "1999.11.16"]
[SourceQuality "1"]

1. e4 c5 2. g3 e6 3. Bg2 d5 4. exd5 exd5 5. d4 Nc6 6. dxc5 Be6 7. Ne2 Bxc5 8. Nf4 Nge7 9. 0-0 0-0 10. Nc3 d4 11. Ne4 Bb6 12. Nxe6 fxe6 13. Ng5 Qd6 14. Qe2 Ne5 15. Bf4 N7g6 16. Qh5 h6 17. Qxg6 hxg5 18. Bxe5 Qxe5 19. Rae1 Qf5 20. Qxe6+ Qxe6 21. Rxe6 Rae8 22. Rxe8 Rxe8 23. Bxb7 Re2 24. Bd5+ Kf8 25. Bb3 Ke7 26. h3 Kf6 27. Kg2 d3 28. cxd3 Rxb2 29. Kf3 a5 30. Kg4 a4 31. Bc4 Bxf2 32. Kf3 Ba7 33. Ke4+ Bf2 34. g4 a3 35. Bb3 Kg6 36. Kd5 Bg3 37. Rf8 Rd2 38. Kc6 Be5 39. Kb5 Bf6 40. Bd5 Rb2+ 41. Kc6 1-0

[Event "DEN-ch cand"]
[Site "Taastrup"]
[Date "1998.??.??"]
[Round "2"]
[White "Bank Friis, Carsten"]
[Black "Fries Nielsen, Jens Ove"]
[Result "1/2-1/2"]
[WhiteElo "2285"]
[BlackElo "2395"]
[PlyCount "52"]
[EventDate "1998.??.??"]
[EventType "swiss"]
[EventRounds "7"]
[EventCountry "DEN"]
[SourceTitle "EXT 2000"]
[Source "ChessBase"]
[SourceDate "1999.11.16"]
[SourceVersion "1"]
[SourceVersionDate "1999.11.16"]
[SourceQuality "1"]

1. d4 Nf6 2. c4 e6 3. Nf3 Bb4+ 4. Bd2 c5 5. Bxb4 cxb4 6. Nbd2 0-0 7. e3 d6 8. Qb3 a5 9. Be2 Na6 10. 0-0 Re8 11. Rfd1 b6 12. a3 Bb7 13. axb4 Nxb4 14. Ne1 Qc7 15. Nd3 Nxd3 16. Bxd3 e5 17. d5 Nd7 18. Qc2 g6 19. Ne4 f5 20. Nc3 Nc5 21. Bf1 Rf8 22. f4 Rae8 23. Nb5 Qe7 24. Qc3 Ne4 25. Qa3 Ba6 26. fxe5 Bxb5 1/2-1/2

[Event "DEN-ch cand"]
[Site "Taastrup"]
[Date "1998.??.??"]
[Round "1"]
[White "Bromann, Thorbjorn"]
[Black "Bank Friis, Carsten"]
[Result "1/2-1/2"]
[WhiteElo "2245"]
[BlackElo "2285"]
[PlyCount "33"]
[EventDate "1998.??.??"]
[EventType "swiss"]
[EventRounds "7"]
[EventCountry "DEN"]
[SourceTitle "EXT 2000"]
[Source "ChessBase"]
[SourceDate "1999.11.16"]
[SourceVersion "1"]
[SourceVersionDate "1999.11.16"]
[SourceQuality "1"]

1. e4 d6 2. d4 g6 3. Nc3 Bg7 4. f4 c6 5. a4 Nd7 6. Nf3 e6 7. Bd3 Ne7 8. 0-0 0-0 9. Ne2 d5 10. e5 c5 11. c3 Nc6 12. b3 b6 13. Qe1 a5 14. Bb5 Na7 15. Bd3 Nc6 16. Bb5 Na7 17. Bd3 1/2-1/2